Dead Characters from The Walking Dead Comic Book* Quiz Stats

 Plays Quiz not verified by Sporcle

Challenge
Share
Tweet
Embed
Score 0/28 Timer 10:00
0 Plays Today
Cause of Death Character % Correct
Gunshot to the neckShane Walsh
90.8%
Walker Bite - Gunshot to the headAmy
84.1%
Gunshot to the stomachLori Grimes
82.8%
Walker ScratchJim
82.6%
Suicide by Walker Bite - Gunshot to the headCarol Peletier
82.3%
Gunshot to the headHershel Greene
72.2%
DecapitationTyreese
67.8%
Walker BiteDonna
65%
Blood loss - Gunshot to the headAllen
62.9%
Gunshot to the headAxel
60.9%
Gunshot to the headBilly Greene
60.1%
Hit by RVCaeser Martinez
55.3%
Choked to deathChris
54.5%
SuicideJulie
53.5%
Cause of Death Character % Correct
Multiple gunshots to the backThomas Richards
53%
Walker Bite - Gunshot to the headOtis Greene
52.9%
Gunshot to the headDexter
51.6%
Gunshot to the headPatricia
51.2%
Gunshot to the headBrian 'The Governer' Blake
47.1%
Walker Bite - Gunshot to the headArnold Greene
46%
Walker Bite - Gunshot to the headLacey Greene
43.2%
DecapitationRachel Greene
43.2%
Gunshot to the stomachJudy Grimes
35.8%
DecapitationSusy Greene
32.7%
Walker BiteDoctor Stevens
29.1%
Gunshot to the neck and headBruce Cooper
24.6%
Gunshot to the headGabe
21.5%
Walker Bite - Gunshot to the headLilly
14.1%

You're not logged in!

Compare scores with friends on all Sporcle quizzes.
OR
Log In

You Might Also Like...

Show Comments

Extras

Top Quizzes Today


Score Distribution

Your Account Isn't Verified!

In order to create a playlist on Sporcle, you need to verify the email address you used during registration. Go to your Sporcle Settings to finish the process.

Report this User

Report this user for behavior that violates our Community Guidelines.

Details: